[Event "FRA-chT Top 12 (Women)"]
[Site "Archamps"]
[Date "2013.02.15"]
[Round "1.3"]
[White "Lazo, Xenia"]
[Black "Roumegous, Marina"]
[Result "0-1"]
[WhiteElo "2113"]
[BlackElo "2139"]
[PlyCount "112"]
[EventDate "2013.02.15"]
[EventType "team-swiss"]
[EventRounds "5"]
[EventCountry "FRA"]
[SourceTitle "CBM 152 Extra"]
[Source "ChessBase"]
[SourceDate "2013.02.25"]
[SourceVersion "1"]
[SourceVersionDate "2013.02.25"]
[SourceQuality "1"]
[WhiteTeam "Juvisy  (W)"]
[BlackTeam "Annemasse (W)"]
[WhiteTeamCountry "FRA"]
[BlackTeamCountry "FRA"]

1. d4 e6 2. c4 Nf6 3. Nf3 b6 4. a3 Ba6 5. Qc2 Bb7 6. Nc3 c5 7. e4 cxd4 8. Nxd4 Bc5 9. Nf3 Nc6 10. Bd3 Ng4 11. 0-0 Qb8 12. Ne2 Nce5 13. Nxe5 Nxe5 14. Bf4 Bd6 15. Bg3 0-0 16. Rad1 Rd8 17. Nc3 a6 18. Be2 Bc7 19. b4 Ng6 20. Na4 d6 21. f4 b5 22. cxb5 axb5 23. Bxb5 Bxe4 24. Qxe4 Qxb5 25. Nc3 Qb6+ 26. Bf2 Qb8 27. Qc6 Ne7 28. Qf3 Rxa3 29. Rd3 Ra8 30. b5 d5 31. g3 Nf5 32. Rb1 Bb6 33. Nd1 Nd6 34. Rdb3 Ne4 35. R3b2 Rc8 36. Bxb6 Qxb6+ 37. Qe3 Rab8 38. Qxb6 Rxb6 39. Ra2 Kf8 40. Ra6 Rcb8 41. Rxb6 Rxb6 42. Nf2 Nd6 43. Nd3 Rxb5 44. Ra1 Rb7 45. Ra8+ Ke7 46. Ne5 Rc7 47. Kg2 f6 48. Nf3 Nf5 49. Ra3 h5 50. Rd3 Rc2+ 51. Kh3 Kd6 52. Ra3 d4 53. Ra6+ Kd5 54. Ne1 Re2 55. Nd3 g5 56. fxg5 fxg5 0-1

[Event "Paris-ch op-A"]
[Site "Paris"]
[Date "2010.07.05"]
[Round "3"]
[White "Gauthier, Arnaud"]
[Black "Lazo, Xenia"]
[Result "1/2-1/2"]
[WhiteElo "2003"]
[BlackElo "2112"]
[PlyCount "54"]
[EventDate "2010.07.03"]
[EventType "swiss"]
[EventRounds "9"]
[EventCountry "FRA"]
[SourceTitle "CBM 137 Extra"]
[Source "ChessBase"]
[SourceDate "2010.09.01"]
[SourceVersion "1"]
[SourceVersionDate "2010.09.01"]
[SourceQuality "1"]

1. e4 e6 2. d4 d5 3. Nc3 Bb4 4. e5 c5 5. a3 Bxc3+ 6. bxc3 Qa5 7. Bd2 Qa4 8. Qb1 c4 9. g3 Nc6 10. Bg2 Nge7 11. Nf3 b6 12. 0-0 Bd7 13. Ra2 0-0-0 14. Bg5 Rde8 15. Bxe7 Rxe7 16. Nd2 Qa5 17. Qa1 Qa4 18. Qb1 h5 19. Rd1 Ree8 20. Nf1 g5 21. Ne3 h4 22. Qa1 Ne7 23. Rb1 hxg3 24. hxg3 Nc6 25. Rab2 Qa5 26. Ra2 Qa4 27. Rab2 Qa5 1/2-1/2

[Event "Wch U18 Girls"]
[Site "Kemer"]
[Date "2007.11.25"]
[Round "8"]
[White "Lazo, Xenia"]
[Black "Manelidou, Maria"]
[Result "1-0"]
[WhiteElo "2089"]
[BlackElo "1933"]
[PlyCount "69"]
[EventDate "2007.11.18"]
[EventType "swiss"]
[EventRounds "11"]
[EventCountry "TUR"]
[SourceTitle "CBM 121 Extra"]
[Source "ChessBase"]
[SourceDate "2008.01.10"]
[SourceVersion "1"]
[SourceVersionDate "2008.01.10"]
[SourceQuality "1"]

1. d4 e6 2. c4 Nf6 3. Nf3 Bb4+ 4. Nbd2 0-0 5. a3 Bxd2+ 6. Qxd2 b6 7. e3 Bb7 8. Be2 d6 9. 0-0 Nbd7 10. b4 Ne4 11. Qc2 f5 12. Bb2 Rf6 13. c5 Bd5 14. Bc4 Bxc4 15. Qxc4 d5 16. Qe2 Rh6 17. c6 Nf8 18. g3 Qe8 19. Ne5 Ng6 20. b5 Nf6 21. f3 Ne7 22. Bc1 Rh5 23. Bd2 g5 24. a4 a5 25. Rf2 Kh8 26. Rg2 Qg8 27. g4 fxg4 28. fxg4 Rh6 29. Rf1 Rf8 30. Rgf2 Kg7 31. e4 Kh8 32. Qe3 Nf5 33. exf5 Ne4 34. Rf3 Rhf6 35. Nd7 1-0

[Event "EU-ch rapid (Women)"]
[Site "Predeal"]
[Date "2007.08.08"]
[Round "5"]
[White "Dragomirescu, Angela"]
[Black "Lazo, Xenia"]
[Result "1/2-1/2"]
[WhiteElo "2227"]
[BlackElo "2087"]
[PlyCount "122"]
[EventDate "2007.08.08"]
[EventType "swiss (rapid)"]
[EventRounds "9"]
[EventCountry "ROU"]
[SourceTitle "CBM 120 Extra"]
[Source "ChessBase"]
[SourceDate "2007.11.01"]
[SourceVersion "1"]
[SourceVersionDate "2007.11.01"]
[SourceQuality "1"]

1. d4 e6 2. c4 d5 3. Nf3 f5 4. Qc2 c6 5. g3 Nf6 6. Bg2 Be7 7. 0-0 0-0 8. b3 Nbd7 9. Bf4 Ne4 10. Ne1 Bf6 11. Nf3 g5 12. Be3 Qe7 13. Nc3 b6 14. Rad1 Ba6 15. Ne1 Rac8 16. Nxe4 fxe4 17. f3 exf3 18. exf3 e5 19. Bh3 Rcd8 20. Ng2 dxc4 21. bxc4 exd4 22. Bxd4 Bxd4+ 23. Rxd4 Qc5 24. Qf2 Ne5 25. Rxd8 Qxf2+ 26. Rxf2 Rxd8 27. Be6+ Kg7 28. Ne3 Kf6 29. Bh3 Nxc4 30. Ng4+ Kg7 31. Re2 Rd1+ 32. Kf2 Rd2 33. Rxd2 Nxd2 34. Ne5 c5 35. Bd7 Bb7 36. Ke3 Nb1 37. Kd3 Kf6 38. f4 gxf4 39. gxf4 a6 40. a4 Ke7 41. Bf5 h6 42. Kc2 Na3+ 43. Kb3 Kf6 44. Bh7 Kg7 45. Bf5 Kf6 46. Bg4 Nb1 47. Nd7+ Kg6 48. Nxb6 Nd2+ 49. Kc2 Ne4 50. Nd7 h5 51. Be2 Kf5 52. Bxh5 Bc6 53. Nb6 Kxf4 54. Be2 a5 55. Kb3 Nd6 56. h4 Kf5 57. h5 Kg5 58. Nc4 Nxc4 59. Kxc4 Bxa4 60. Kxc5 Be8 61. Bd1 Bxh5 1/2-1/2

[Event "Romania (Women)"]
[Site "Romania"]
[Date "2007.02.18"]
[Round "2"]
[White "Lazo, Xenia"]
[Black "Babei, Angelica"]
[Result "1-0"]
[WhiteElo "2034"]
[BlackElo "1950"]
[PlyCount "87"]
[EventDate "2007.02.17"]
[EventType "tourn"]
[EventRounds "13"]
[EventCountry "ROU"]
[SourceTitle "EXT 2008"]
[Source "ChessBase"]
[SourceDate "2007.11.25"]
[SourceVersion "1"]
[SourceVersionDate "2007.11.25"]
[SourceQuality "1"]

1. d4 d5 2. c4 c6 3. cxd5 cxd5 4. Nc3 Nf6 5. Bf4 Nc6 6. e3 Bg4 7. Qb3 Na5 8. Bb5+ Bd7 9. Qa4 Nc6 10. Nf3 a6 11. Bxc6 Bxc6 12. Qb3 e6 13. h3 Bd6 14. Bxd6 Qxd6 15. 0-0 Ne4 16. Rfc1 0-0 17. Rc2 Rfc8 18. Rac1 b5 19. Ne5 Bb7 20. Nd3 Rc4 21. a4 Nxc3 22. Rxc3 Bc6 23. Ne5 Rxc3 24. Qxc3 Be8 25. a5 b4 26. Qc7 Qxc7 27. Rxc7 f6 28. Nd3 Bb5 29. Nxb4 Rb8 30. Ra7 Bc4 31. Nxa6 Rxb2 32. Nc5 e5 33. Ne6 g6 34. Rg7+ Kh8 35. Rf7 Rb8 36. Rxf6 exd4 37. exd4 Kg8 38. Nc5 Kg7 39. Rb6 Ra8 40. a6 Kh6 41. g4 Re8 42. a7 Re1+ 43. Kh2 Ra1 44. Na6 1-0

[Event "EU-ch U16 Girls"]
[Site "Herceg Novi"]
[Date "2005.09.17"]
[Round "4"]
[White "Lazo, Xenia"]
[Black "Foisor, Sabina Francesca"]
[Result "0-1"]
[WhiteElo "2036"]
[BlackElo "2230"]
[PlyCount "68"]
[EventDate "2005.09.14"]
[EventType "swiss"]
[EventRounds "9"]
[EventCountry "YUG"]
[SourceTitle "CBM 108 Extra"]
[Source "ChessBase"]
[SourceDate "2005.11.04"]
[SourceVersion "1"]
[SourceVersionDate "2005.11.04"]
[SourceQuality "1"]

1. d4 e6 2. c4 f5 3. g3 Nf6 4. Bg2 d5 5. b3 c6 6. Ba3 Bxa3 7. Qd2 Bd6 8. c5 Bc7 9. Nh3 0-0 10. 0-0 e5 11. e3 b6 12. Na3 bxc5 13. dxc5 Ne4 14. Qc2 Na6 15. f3 Nf6 16. Rfd1 Qe7 17. Rac1 Nd7 18. Qb1 Ndxc5 19. Nc2 Ne6 20. Nf2 Bb7 21. g4 fxg4 22. Nxg4 Ng5 23. Ne1 Bb6 24. h4 Ne6 25. h5 Qg5 26. Nc2 e4 27. Rf1 Nf4 28. Kh1 Qxh5+ 29. Nh2 Nxg2 30. Kxg2 exf3+ 31. Rxf3 Rxf3 32. Nxf3 Qg4+ 33. Kf2 Rf8 34. Nce1 Nc5 0-1

[Event "EU-ch (Women) 6th"]
[Site "Kishinev"]
[Date "2005.06.17"]
[Round "7"]
[White "Lazo, Xenia"]
[Black "Foisor, Sabina Francesca"]
[Result "1-0"]
[WhiteElo "2001"]
[BlackElo "2210"]
[PlyCount "112"]
[EventDate "2005.06.11"]
[EventType "swiss"]
[EventRounds "12"]
[EventCountry "MDA"]
[SourceTitle "CBM 106 Extra"]
[Source "ChessBase"]
[SourceDate "2005.07.01"]
[SourceVersion "1"]
[SourceVersionDate "2005.07.01"]
[SourceQuality "1"]

1. d4 g6 2. c4 Bg7 3. Nc3 c5 4. d5 d6 5. e4 a6 6. Qc2 e6 7. Bd3 exd5 8. exd5 Ne7 9. Bg5 h6 10. Bh4 g5 11. Bg3 f5 12. h4 0-0 13. hxg5 hxg5 14. 0-0-0 Ng6 15. Kb1 Qf6 16. Nge2 Nd7 17. f4 g4 18. Rh5 Nb6 19. Rdh1 Bd7 20. Bh4 Nxh4 21. R5xh4 Rfe8 22. Qd2 Re7 23. Qc1 Rae8 24. Qd2 Re3 25. Nd1 R3e7 26. Ng3 Qd4 27. Qc3 Re1 28. Qxd4 Bxd4 29. Kc2 Rxh1 30. Rxh1 Re7 31. b3 Bg7 32. Kd2 Kf7 33. Bxf5 Kf6 34. Bd3 Rf7 35. Nh5+ Ke7 36. Bg6 Rf8 37. Re1+ Kd8 38. Nxg7 Rxf4 39. Ne6+ Bxe6 40. Rxe6 Nd7 41. Re4 Rf6 42. Bh5 g3 43. Rg4 Rh6 44. Rg8+ Kc7 45. Bf3 b5 46. Rxg3 bxc4 47. bxc4 Ne5 48. Be2 Rh4 49. Kc3 Kb6 50. Rh3 Re4 51. Re3 Rf4 52. g3 Rf5 53. Re4 Ka5 54. g4 Rg5 55. Nb2 Rg7 56. Nd3 Rc7 1-0